Antonius a Kleopatra (Record no. 20654)
[ view plain ]
| 000 -LEADER | |
|---|---|
| fixed length control field | 01397nam a2200385 a 4500 |
| 001 - CONTROL NUMBER | |
| control field | 20654 |
| 003 - CONTROL NUMBER IDENTIFIER | |
| control field | VRT |
| 005 - DATE AND TIME OF LATEST TRANSACTION | |
| control field | 20260128145658.0 |
| 008 - FIXED-LENGTH DATA ELEMENTS--GENERAL INFORMATION | |
| fixed length control field | 060905s2006 xo ab d n 000 1 slo d |
| 020 ## - INTERNATIONAL STANDARD BOOK NUMBER | |
| International Standard Book Number | 8055111596 (brož.) |
| 035 ## - SYSTEM CONTROL NUMBER | |
| System control number | a000358663 |
| 039 #9 - LEVEL OF BIBLIOGRAPHIC CONTROL AND CODING DETAIL [OBSOLETE] | |
| Level of rules in bibliographic description | 201703171410 |
| Level of effort used to assign nonsubject heading access points | adm |
| Level of effort used to assign subject headings | 200701291040 |
| Level of effort used to assign classification | muro |
| Level of effort used to assign subject headings | 200701231345 |
| Level of effort used to assign classification | zofia |
| Level of effort used to assign subject headings | 200701101622 |
| Level of effort used to assign classification | lida |
| 040 ## - CATALOGING SOURCE | |
| Original cataloging agency | UKB |
| Language of cataloging | slo |
| Transcribing agency | UKB |
| Description conventions | AACR2 |
| 041 1# - LANGUAGE CODE | |
| Language code of text/sound track or separate title | slo |
| Language code of original | eng |
| 044 ## - COUNTRY OF PUBLISHING/PRODUCING ENTITY CODE | |
| MARC country code | xo |
| ISO country code | SK |
| 072 #7 - SUBJECT CATEGORY CODE | |
| Subject category code | 821.111-2 |
| Subject category code subdivision | Anglická dráma, anglicky písaná |
| Source | konspekt |
| 080 ## - UNIVERSAL DECIMAL CLASSIFICATION NUMBER | |
| Universal Decimal Classification number | 821.111-2 |
| Edition identifier | 1997 |
| 080 ## - UNIVERSAL DECIMAL CLASSIFICATION NUMBER | |
| Universal Decimal Classification number | (0:82-2) |
| Edition identifier | 1997 |
| 100 1# - MAIN ENTRY--PERSONAL NAME | |
| Personal name | Shakespeare, William, |
| Dates associated with a name | 1564-1616 |
| 245 10 - TITLE STATEMENT | |
| Title | Antonius a Kleopatra |
| Statement of responsibility, etc. | William Shakespeare ; [z anglického originálu preložil a sprievodné texty napísal Ľubomír Feldek] |
| 260 ## - PUBLICATION, DISTRIBUTION, ETC. | |
| Place of publication, distribution, etc. | Bratislava |
| Name of publisher, distributor, etc. | Ikar |
| Date of publication, distribution, etc. | 2006 |
| 300 ## - PHYSICAL DESCRIPTION | |
| Extent | 181 s. |
| Other physical details | il., mp |
| 504 ## - BIBLIOGRAPHY, ETC. NOTE | |
| Bibliography, etc. note | Bibliogr. skrytá |
| 653 ## - INDEX TERM--UNCONTROLLED | |
| Uncontrolled term | 821.111-2 |
| 653 ## - INDEX TERM--UNCONTROLLED | |
| Uncontrolled term | (0:82-2) |
| 655 #7 - INDEX TERM--GENRE/FORM | |
| Genre/form data or focus term | anglické drámy |
| Source of term | UKBPH |
| 700 1# - ADDED ENTRY--PERSONAL NAME | |
| Personal name | Feldek, Ľubomír, |
| Dates associated with a name | 1936- |
| Relationship | trl |
| -- | aft |
| 765 0# - ORIGINAL LANGUAGE ENTRY | |
| Title | Antony and Cleopatra. Slovensky |
| Main entry heading | Shakespeare, William, 1564-1616 |
| 856 4# - ELECTRONIC LOCATION AND ACCESS | |
| Public note | úplný text (iba v priestoroch knižnice) |
| Uniform Resource Identifier | <a href="http://digitalna.kniznica.info/s/XEMMmhGgcH">http://digitalna.kniznica.info/s/XEMMmhGgcH</a> |
| 910 ## - USER-OPTION DATA (OCLC) | |
| User-option data | ukb |
| 942 ## - ADDED ENTRY ELEMENTS (KOHA) | |
| Source of classification or shelving scheme | Dewey Decimal Classification |
| Koha item type | Krásna literatúra pre dospelých |
| Suppress in OPAC | No |
| 949 ## - LOCAL PROCESSING INFORMATION (OCLC) | |
| 6 | 1800313997 |
| a | SL.D.59979 |
| b | PV.6381-2006 |
| 949 ## - LOCAL PROCESSING INFORMATION (OCLC) | |
| 6 | 1800313998 |
| a | SK.D.28967 |
| b | PV.6382-2006 |
| s | 6707:20070208 |
| 949 ## - LOCAL PROCESSING INFORMATION (OCLC) | |
| 6 | 1800314610 |
| a | 33.D.00591 |
| b | KD.919-2006 |
| Stav vyradenia | Strata | Poškodenie | Spôsob nadobudnutia | Domovská knižnica | Aktuálna knižnica | Dátum nadobudnutia | Total checkouts | Čiarový kód exemplára | Date last seen | Typ exemplára |
|---|---|---|---|---|---|---|---|---|---|---|
| Dar | Obecná knižnica Horná Štubňa | Obecná knižnica Horná Štubňa | 28.01.2026 | 9788055111599 | 28.01.2026 | Krásna literatúra pre dospelých |
